00470nam a2200193Ia 4500008004100000020001800041050001400059100002100073245003300094245002400127260001500151260001600166260000900182300001400191300002700205300001000232300002600242500000800268170918s9999 xx 000 0 und d a9780545217743 bB852 2010 aBridwell, Norman aClifford's first halloween / cby Norman Bridwell. aNew York : bScholastic, c2010 aunpaged : bcolored illustration ; c16cm. eClifford big red dog. a500